Statistiken für Fußball-Weltmeisterschaft der Frauen

Klicken Sie hier um das Quiz zu spielen!

Allgemein

  • Dieses Quiz wurde 426 mal gespielt
  • Das Durchschnittsergebnis liegt bei 9 aus 11

Antwortstatistiken

PlatzLandTitelJahr(e)2.3.4.% Korrekt
2Deutschland22003, 200712
99%
1USA41991, 1999, 2015, 201913
96%
5Schweden13
87%
Frankreich1
86%
9England11
84%
3Norwegen1199512
82%
4Japan120111
78%
6Brasilien11
77%
8Niederlande1
77%
10Kanada1
69%
7China11
61%

Verteilung der Resultate

Perzentil nach korrekt beantworteten Fragen

Anzahl Personen mit jedem Resultat

Ihre Resultats-Entwicklung

Sie haben dieses Quiz noch nicht gespielt